000 00645nam a2200181 a 4500
999 _c20165
_d20165
005 20180423051730.0
008 180423s2016 ck ad|||r|||| 00| 0 spa d
040 _aCO-BoIAVH
_cCO-BoIAVH
041 0 _aspa
044 _ack
082 0 4 _a362.5526
_bN53g
245 0 2 _aA new global partnership :
_bEradicate poverty and transform economies througt sustainable development
260 _aNueva York (EE.UU.) :
_bUnited Nations,
_c2013.
300 _a69 páginas :
_bilustraciones a color, mapas ;
_c28 x 22 cm.
650 2 6 _aAlivio de la pobreza
_vPolíticas
650 2 6 _aDesarrollo sostenible
_xPolíticas
942 _2ddc
_cLIBRO